"Medea y Alcestis: Imágenes estereotípicas de la mujer demonio y la mujer ángel en las tragedias de Eurípides"
Sábháilte in:
| Príomhchruthaitheoir: | |
|---|---|
| Formáid: | LEABHAR |
| Teanga: | Spanish |
| Foilsithe / Cruthaithe: |
San José, Costa Rica
Universidad de Costa Rica, Sistema de Estudios de posgrado
2003
|
| Ábhair: | |
| Clibeanna: |
Cuir clib leis
Níl clibeanna ann, Bí ar an gcéad duine le clib a chur leis an taifead seo!
|
MARC
| LEADER | 00000nam a2200000Ia 4500 | ||
|---|---|---|---|
| 008 | 170316s9999 xx 000 0 spa d | ||
| 040 | |a cru BVZT | ||
| 090 | |a TESIS 696 | ||
| 100 | |a Alvarez Espinoza, Nazira | ||
| 245 | |a "Medea y Alcestis: Imágenes estereotípicas de la mujer demonio y la mujer ángel en las tragedias de Eurípides" | ||
| 260 | |a San José, Costa Rica | ||
| 260 | |b Universidad de Costa Rica, Sistema de Estudios de posgrado | ||
| 260 | |c 2003 | ||
| 300 | |a 322 páginas | ||
| 650 | |a TRABAJO FINAL DE GRADUACIÓN | ||
| 650 | |a MAGISTER LITTERARUM EN LITERATURA CLÁSICA | ||
| 650 | |a GÉNERO | ||
| 650 | |a MITO | ||
| 650 | |a SIMONE DE BEAUVOIR | ||
| 650 | |a MARY ELLMANN | ||
| 650 | |a ESTEREOTIPOS FEMENINOS | ||
| 650 | |a GILBERT Y GUBAR | ||
| 650 | |a MUJERES | ||
| 650 | |a FEMINIDAD PATRIARCAL - LITERATURA GRIEGA | ||
| 650 | |a MUJERES - ÉPICA | ||
| 650 | |a MUJERES - LÍRICA | ||
| 650 | |a PENÉLOPE | ||
| 650 | |a CIRCE | ||
| 650 | |a HESIODO Y PANDORA | ||
| 650 | |a POESÍA LÍRICA | ||
| 650 | |a YAMBO - LA ELEGIA | ||
| 650 | |a LÍRICA MONODICA | ||
| 650 | |a LÍRICA CORAL | ||
| 650 | |a MUJERES EN ATENAS | ||
| 650 | |a MATRIMONIO | ||
| 650 | |a DIVORCIO | ||
| 650 | |a ADULTERIO | ||
| 650 | |a CONCUBINAS - PROSTITUTAS | ||
| 650 | |a MUJERES - ARISTOFANES | ||
| 650 | |a LISISTRATA | ||
| 650 | |a TESMOFORIAS | ||
| 650 | |a ASAMBLEISTAS | ||
| 650 | |a MUJERES - TRAGEDIA ATICA | ||
| 650 | |a LA TRAGEDIA | ||
| 650 | |a HEROINAS TRAGICAS | ||
| 650 | |a ESQUILO - ORESTIADA | ||
| 650 | |a SOFOCLES - ANTIGONA | ||
| 650 | |a EURIPIDES | ||
| 650 | |a ALCESTIS | ||
| 650 | |a MEDEA | ||
| 650 | |a ALCESTIS - MITO | ||
| 650 | |a EURIPIDES - ALCESTIS | ||
| 650 | |a MUJER - COMO OBJETO DE INTERCAMBIO | ||
| 650 | |a MUJER IDEAL | ||
| 650 | |a VIRGENES SACRIFICIALES - IFIGENIA - POLIXENA - MACARIA | ||
| 650 | |a ALCESTIS - PLATON | ||
| 650 | |a GENEALOGIA | ||
| 650 | |a MEDEA | ||
| 999 | |c 14355 |d 14355 | ||
| 942 | |c TFG |h TESIS 696 |2 z | ||
